| 000 | 00614nam a2200193 i 4500 | ||
|---|---|---|---|
| 001 | 77044 | ||
| 003 | ES-MaACL | ||
| 005 | 20250607063022.0 | ||
| 007 | t| | ||
| 008 | 041006s1952 ag ||||1| spa d | ||
| 100 | 1 |
_aEncina, Juan de la, _d1883-1963 _947172 |
|
| 245 | 1 | 0 |
_aSombra y enigma de Velázquez / _cJuan de la Encina [seud.]. |
| 250 | _a1ª ed. | ||
| 260 |
_aBuenos Aires : _bEspasa-Calpe Argentina, _c1952 ( _fFabril Financiera) |
||
| 300 |
_a206 p., 13 lám. ; _c23 cm. |
||
| 600 | 1 | 4 |
_aVelázquez, Diego, _d1599-1660 _9113793 |
| 852 |
_aES-MaACL _jC-19644 _bR.47243 |
||
| 999 |
_c77044 _d77044 |
||